Plantas medicinales usadas por el vulgo en el Paraguay (Record no. 121581)

MARC details
000 -LEADER
campo de control de longitud fija 00502nam a2200157 i 4500
001 - NÚMERO DE CONTROL
campo de control 121581
003 - IDENTIFICADOR DE NÚMERO DE CONTROL
campo de control ES-MaACL
005 - FECHA Y HORA DE LA ÚLTIMA TRANSACCIÓN
campo de control 20230906191758.0
007 - CAMPO FIJO DE DESCRIPCIÓN FÍSICA--INFORMACIÓN GENERAL
campo de control de longitud fija t|
008 - DATOS DE LONGITUD FIJA--INFORMACIÓN GENERAL
campo de control de longitud fija 070214s1924 py r ||||1| spa d
245 00 - MENCIÓN DEL TÍTULO
Título Plantas medicinales usadas por el vulgo en el Paraguay
Resto del título : drogas y productos que se extraen de ellas.
260 ## - PUBLICACIÓN, DISTRIBUCIÓN, ETC.
Lugar de publicación, distribución, etc. Asunción :
Nombre del editor, distribuidor, etc. [s. n.],
Fecha de publicación, distribución, etc. Imp, Nacional (
Fabricante 1924)
300 ## - DESCRIPCIÓN FÍSICA
Extensión 23 p. ;
Dimensiones 18 cm.
650 #4 - PUNTO DE ACCESO ADICIONAL DE MATERIA--TÉRMINO DE MATERIA
Término de materia o nombre geográfico como elemento de entrada Plantas medicinales-
Subdivisión geográfica Paraguay.
9 (RLIN) 159994
852 ## - LOCALIZACIÓN
Ubicación ES-MaACL
Número de control de estantería 1690-F-14
Holdings
Estatus retirado Estado de pérdida Estado de daño No para préstamo Colección Biblioteca de origen Biblioteca actual Ubicación en estantería Fecha de adquisición Fuente de adquisición Total de préstamos Signatura topográfica completa Código de barras Visto por última vez Precio de reemplazo Tipo de ítem Koha
        Colección de folletos Biblioteca del Ateneo de Madrid Biblioteca del Ateneo de Madrid Depósito folletos 17/01/2008     1690-F-14 1126704 23/02/2023 23/02/2023 Folleto